Представление документа в формате MARC21

Поле Инд. ПП Название Значение
Тип записи a
Библиографический уровень m
001 Контрольный номер a89cd4bd34ba4236821053b7939a36a7
005 Дата корректировки 20251215155313.9
008 Кодируемые данные 20140312
020 a ISBN 9785040916955
020 a ISBN 9785699883820
041 0_ a Код языка текста rus
084 a Индекс другой классификации/Индекс ББК 84(4Вел)52-44; 81.432.1
090 a Полочн. индекс 84(4Вел)52-44
x Авторский знак Б 885
100 1_ a Автор Бронте Ш.
q Полное имя Бронте Шарлотта
u Дополнение к имени Bronte Ch.
245 10 a Заглавие Джейн Эйр
b Продолж. заглавия роман
c Ответственность перевод с английского В. Станевич; вступительная статья В. Татаринова; ответственный редактор А. Устинова; оформление серии В. Щербакова, Н. Ярусовой
246 01 a Другая форма заглавия Jane Eyre
260 a Место издания Москва
b Издательство Э
c Дата издания 2018
300 a Объем 512 с.
b Иллюстрации/ тип воспроизводства ил.
336 a Термин вида содержания Текст
337 a Термин типа средства непосредственный
440 _0 a Серия Книги-легенды
440 _0 a Серия Всемирная литература
650 04 a Основная рубрика художественная литература
653 0_ a Ключевые слова XIX век
a Ключевые слова английская литература
a Ключевые слова Великобритания
655 a Жанр/ форма (устаревшее) проза
a Жанр/ форма (устаревшее) роман
700 12 a Автор Станевич В.
e Роль лиц переводчик
700 1_ a Автор Татаринов В.
e Роль лиц автор вступительной статьи
700 12 a Автор Устинова А.
e Роль лиц редактор
700 1_ a Автор Щербаков В.
e Роль лиц оформитель серии
700 12 a Автор Ярусова Н.
e Роль лиц оформитель серии
787 18 w Контрольный номер связываемой записи RU/IS/BASE/415362340
w Контрольный номер связываемой записи RU/IS/BASE/438785434
787 18 w Контрольный номер связываемой записи RU/IS/BASE/433852106
901 t Тип документа m
952 a Тип литературы для КСУ ВШ ЛХИ
a Тип литературы для КСУ ВШ УИ